Riconosci lo Stato - Quiz n°62 - Statistics

Statistiche generali
  • Questo quiz è stato fatto 33 volte
  • Il punteggio medio è 10 su 12
Statistiche sulle risposte
Indizio Risposta % Corretto
Iniziale della Capitale C
97%
Valuta Bolívar / Petro / Dollaro
93%
Indipendenza dalla Spagna 5 luglio 1811
90%
Presidente della Repubblica Nicolás Maduro
90%
Superficie 916 445 km²
86%
Fuso Orario UTC-4
86%
ISU 0,767
83%
Popolazione 32 816 801 ab.
83%
PIL (nominale) 98 468milioni di $
83%
Tasso di crescita 1,468%
79%
Forma di Governo Repubblica presidenziale federale
79%
Risposta Venezuela
79%
Nessun quiz corrispondente trovato
Distribuzione punteggi
Percentuale di utenti per punteggio
Percentile per numero di risposta
I tuoi punteggi nel tempo
Non hai fatto questo quiz